Estatísticas para Quiz do Brasil

Clique aqui para jogar o quiz

Estatísticas Gerais

  • Esse quiz foi jogado 5 426 vezes
  • A pontuação média é 18 de 21

Estatísticas das Respostas

DicaResposta% Correto
CapitalBrasília
99%
Maiores cidadesSão Paulo
98%
Maiores cidadesRio de Janeiro
98%
Estátua mais famosaCristo {Redentor}
96%
MoedaReal
96%
Presidente eleito em 2018Jair Bolsonaro
95%
Lema escrito na bandeira{Ordem} e Progresso
95%
Os únicos países da América do Sul que não faz fronteira com o BrasilChile
94%
Rio mais longoAmazonas
92%
Capital de Minas GeraisBelo Horizonte
91%
Catarata na fronteira com a ArgentinaCataratas do {Iguaçu}
91%
Festival realizado por cinco dias antes da Quarta-feira de CinzasCarnaval
90%
Isso foi abolido em 1888Escravidão
89%
Artilheiros Brasileiros com mais gols em Copas do MundoPelé
87%
Os únicos países da América do Sul que não faz fronteira com o BrasilEquador
87%
Gênero de música tocada acimaSamba
87%
O Brasil é o maior produtor desse grãoCafé
82%
Praias mais famosasCopacabana
76%
Artilheiros Brasileiros com mais gols em Copas do MundoRonaldo Fenômeno
71%
Nome comum para um aglomerado habitacional subnormalFavela
66%
Praias mais famosasIpanema
60%

Distribuição das Pontuações

Percentil de Números Respondidos

Porcentagem de Pessoas com Cada Pontuação

Sua Pontuação Histórica

Você não jogou esse quiz